|
|
|
|
| LEADER |
00702nam a2200193 i 4500 |
| 001 |
acta43826 |
| 005 |
20230331125152.0 |
| 008 |
170109s1961 hu o 0|| hun d |
| 040 |
|
|
|a SZTE Egyetemi Kiadványok Repozitórium
|b hun
|
| 041 |
|
|
|a hun
|
| 100 |
1 |
|
|a Nacsády József
|
| 245 |
1 |
0 |
|a Jókai műveinek lengyel alakjai
|h [elektronikus dokumentum] /
|c Nacsády József
|
| 260 |
|
|
|c 1961
|
| 300 |
|
|
|a p. 98-114.
|c 24 cm
|
| 490 |
0 |
|
|a Irodalomtörténeti Dolgozatok
|v 19
|
| 650 |
|
4 |
|a Bölcsészettudományok
|
| 650 |
|
4 |
|a Nyelvek és irodalom
|
| 695 |
|
|
|a Jókai Mór, Magyar irodalom - 19. sz., Lengyelek ábrázolása - irodalmi
|
| 856 |
4 |
0 |
|u http://acta.bibl.u-szeged.hu/43826/1/itd_019.pdf
|z Dokumentum-elérés
|